|
|
|
|
| LEADER |
00000nas a22000003u 4500 |
| 001 |
ssib021625301 |
| 003 |
WaSeSS |
| 005 |
20200512172242.0 |
| 006 |
m d |
| 007 |
cr n |
| 008 |
200512uuuuuuuuu||||| |ss|||||| ||||||d |
| 022 |
|
|
|y 0253-8512
|
| 035 |
|
|
|a (WaSeSS)ssib021625301
|
| 040 |
|
|
|a WaSeSS
|c WaSeSS
|d WaSeSS
|
| 245 |
0 |
0 |
|a Medical Letter on Drugs and Therapeutics
|h [electronic resource].
|
| 260 |
|
|
|a [S.l.] :
|b [s.n.]
|
| 500 |
|
|
|a Title from content provider.
|
| 506 |
|
|
|a License restrictions may limit access.
|
| 655 |
|
0 |
|a Electronic journals.
|
| 856 |
4 |
0 |
|z Full text available from Research Library: 01/09/2015 to 3 months ago
|u https://search.proquest.com/publication/2035946
|